Contabilidad (Registro nro. 817)

Detalles MARC
000 -LEADER
fixed length control field 01252 a2200301 4500
001 - CONTROL NUMBER
control field 21551
005 - DATE AND TIME OF LATEST TRANSACTION
control field 20260407155505.0
008 - FIXED-LENGTH DATA ELEMENTS--GENERAL INFORMATION
fixed length control field 260407a2011 arg spa d
003 - CONTROL NUMBER IDENTIFIER
control field AR-UNSa-BCEJYS
040 ## - CATALOGING SOURCE
Original cataloging agency AR-UNSa-BCEJYS
Language of cataloging spa
Transcribing agency AR-UNSa-BCEJYS
080 ## - UNIVERSAL DECIMAL CLASSIFICATION NUMBER
Universal Decimal Classification number 657.4
Common auxiliary subdivision Cuentas. Sistemas Contables
020 ## - INTERNATIONAL STANDARD BOOK NUMBER
International Standard Book Number 978-987-03-2062-3
041 ## - LANGUAGE CODE
Language code of text/sound track or separate title spa
100 1# - MAIN ENTRY--PERSONAL NAME
Personal name Pahlen Acuña, Ricardo Jose María
245 10 - TITLE STATEMENT
Title Contabilidad
Name of part/section of a work sistemas y procesos
264 #1 - PRODUCTION, PUBLICATION, DISTRIBUTION, MANUFACTURE, AND COPYRIGHT NOTICE
Place of production, publication, distribution, manufacture Buenos Aires :
Name of producer, publisher, distributor, manufacturer La Ley
Date of production, publication, distribution, manufacture, or copyright notice 2011
300 ## - PHYSICAL DESCRIPTION
Extent xxi, 405 p.
Dimensions 24 cm.
505 ## - FORMATTED CONTENTS NOTE
Formatted contents note 1. Cuentas y planes de cuentas - 2. El proceso contable - 3. Análisis y registro de operaciones específicas, elementos de vinculación - 4. Cierre del proceso contable - 5. Mecanismos para homogeneizarla unidad de medida - 6. Preparación y exposición de información patrimonial y de gestión
590 ## - LOCAL NOTE (RLIN)
Local note niveau_biblio:m niveau_hierar:0
700 1# - ADDED ENTRY--PERSONAL NAME
Personal name Campo, Ana María
700 1# - ADDED ENTRY--PERSONAL NAME
Personal name Chaves, Osvaldo Argentino
700 1# - ADDED ENTRY--PERSONAL NAME
Personal name Chyrikins, Héctor
700 1# - ADDED ENTRY--PERSONAL NAME
Personal name Fronti de García, Luisa
700 1# - ADDED ENTRY--PERSONAL NAME
Personal name Helouani, Rubén
700 1# - ADDED ENTRY--PERSONAL NAME
Personal name Viegas, Juan Carlos
856 41 - ELECTRONIC LOCATION AND ACCESS
Uniform Resource Identifier <a href="https://biblioeco.unsa.edu.ar/pmb/images/libros/Contabilidad Sistemas y Procesos 2.jpg">https://biblioeco.unsa.edu.ar/pmb/images/libros/Contabilidad Sistemas y Procesos 2.jpg</a>
Link text Imagen de portada
Electronic format type image/jpeg
942 ## - ADDED ENTRY ELEMENTS (KOHA)
Koha item type
Existencias
Withdrawn status Lost status Damaged status Not for loan Home library Current library Shelving location Date acquired Total checkouts Full call number Barcode Date last seen Price effective from Koha item type
        Biblioteca Prof. Eusebio Cleto del Rey Biblioteca Prof. Eusebio Cleto del Rey   07/04/2026   657.4 P141 L119398 07/04/2026 07/04/2026 Libro
        Biblioteca Prof. Eusebio Cleto del Rey Biblioteca Prof. Eusebio Cleto del Rey   07/04/2026   657.4 P141 L119399 07/04/2026 07/04/2026 Libro
        Biblioteca Prof. Eusebio Cleto del Rey Biblioteca Prof. Eusebio Cleto del Rey   07/04/2026   657.4 P141 L119400 07/04/2026 07/04/2026 Libro